000 004830000a22001930004500
001 003392
003 MACL
005 20150812115751.0
008 150812b xxu||||| |||| 00| 0 eng d
040 _aMACL
_cMACL
041 _aEnglish
082 _a371.911/RAI
100 _aRai, N.K.
_94872
245 _aVisual Handicaps And Personality Dynamics
_cN.K. Rai
260 _aDelhi
_c2005
_bAcademic Excellence,
350 _a550
650 _aEconomics
_94873
942 _k372
_cBK
_2ddc
999 _c15293
_d15293